000 00812nam a2200253Ia 4500
003 OSt
005 20220923215759.0
006 a|||||r|||| 00| 0
007 ta
008 220922b |||||||| |||| 00| 0 hin d
024 _a181,734
037 _cTextual
040 _aARTS
_cARTS
_bhin
041 _2hin
_ahin
082 _aO152,1N3513x, M0
100 _aजितेन्द्र कुमार
245 0 _aआईने में चेहरा
246 _aĀīne mean cheharā
260 _aदिल्ली
_b जयश्री प्रकाशन
_c1980
300 _a76 पृ.
_ccm.
650 _aहिन्दी साहित्य
_9156264
942 _hO152,1N3513x, M0
_cTEXL
_2CC
999 _c335111
_d335111